书目信息 |
| 题名: |
进步及其问题
|
|
| 作者: | 劳丹 著 ;刘新民 译 | |
| 分册: | ||
| 出版信息: | 北京 华夏出版社 1999.1 |
|
| 页数: | 233页 | |
| 开本: | 20cm | |
| 丛书名: | 现代西方思想文库 | |
| 单 册: | ||
| 中图分类: | B712.59 | |
| 科图分类: | ||
| 主题词: | 科学哲学--美洲 | |
| 电子资源: | ||
| ISBN: | 7-5080-1650-5 | |
| 000 | 00684nam0 2200241 45 | |
| 001 | 0104091477 | |
| 005 | 20031219104049.5 | |
| 010 | @a7-5080-1650-5@dCNY12.80 | |
| 100 | @a20010409d1999 km y0chiy0120 ea | |
| 101 | 0 | @achi |
| 105 | @a z 000yy | |
| 200 | 1 | @a进步及其问题@AJin Bu Ji Qi Wen Ti@f(美)劳丹著@F(Mei)Lao Dan Zhu@g刘新民译 |
| 205 | @a2版 | |
| 210 | @a北京@c华夏出版社@d1999.1 | |
| 215 | @a233页@d20cm | |
| 225 | @a现代西方思想文库 | |
| 410 | @12001 @a现代西方思想文库 | |
| 606 | 0 | @a科学哲学@y美洲 |
| 690 | @aB712.59@v2 | |
| 701 | 0 | @a劳丹@4著 |
| 702 | 0 | @a刘新民@ALiu Xin Min@4译 |
| 801 | @aCN@bTSTC@c20010514 | |
| 905 | @a213230@f3@b296700-702@dB712.59@e15=2 | |
| 进步及其问题/(美)劳丹著/刘新民译.-2版.-北京:华夏出版社,1999.1 |
| 233页;20cm.-(现代西方思想文库) |
| ISBN 7-5080-1650-5:CNY12.80 |
| ● |
| 相关链接 |
|
|
|
|
正题名:进步及其问题
索取号:B712.59/15=2
 
预约/预借
| 序号 | 登录号 | 条形码 | 馆藏地/架位号 | 状态 | 备注 |
| 1 | 0296700 | 002967007 | 第一借阅区/ [索取号:B712.59/15=2] | 在馆 | |
| 2 | 0296701 | 002967016 | 第一借阅区/ [索取号:B712.59/15=2] | 在馆 | |
| 3 | 0296702 | 002967025 | 第一样本阅览室/ [索取号:B712.59/15=2] | 在馆 |